Matematická statistika

Saved in:
Bibliographic Details
Main Author: Likeš, Jiří
Other Authors: Machek, Josef
Format: Book
Language:Czech
Published: Praha Stát. nakl. techn. lit. 1988
Edition:2. vyd.
Series:Matematika pro vysoké školy technické Seš.11
Tags: Add Tag
No Tags, Be the first to tag this record!

MARC

LEADER 00000nam a2200000 4500
001 c032169
005 20221219085318.6
041 0 |a cze 
044 |a CZ 
245 1 0 |a Matematická statistika  |c Jiří Likeš, Josef Machek 
250 |a 2. vyd. 
264 1 |a Praha  |b Stát. nakl. techn. lit.  |c 1988 
300 |a 178 s. 
490 1 |a Matematika pro vysoké školy technické  |v Seš.11 
830 0 |a Matematika pro vysoké školy technické  |v Seš.11 
100 1 |a Likeš, Jiří 
700 1 |a Machek, Josef